Medzinárodné zdanenie

Salvato in:
Dettagli Bibliografici
Autore principale: Lénártová, Gizela
Ente Autore: Ekonomická univerzita v Bratislave. Fakulta podnikového manažmentu
Altri autori: Fetisovová, Elena, Dopiriak, Rastislav
Natura: Libro
Lingua:slovacco
Pubblicazione: Bratislava Vydavateľstvo EKONÓM 2014
Edizione:1. vyd.
Soggetti:
Tags: Aggiungi Tag
Nessun Tag, puoi essere il primo ad aggiungerne!!

MARC

LEADER 00000nam a2200000 4500
001 0184742
005 20240502073152.4
020 |a 978-80-225-3772-8 
041 0 |a slo 
044 |a SK 
245 1 0 |a Medzinárodné zdanenie  |c Gizela Lénártová ; recenzenti: Elena Fetisovová, Rastislav Dopiriak 
250 |a 1. vyd. 
264 1 |a Bratislava  |b Vydavateľstvo EKONÓM  |c 2014 
300 |a 262 s. [17,41 AH] 
610 2 0 |a zdaňovanie medzinárodné 
610 2 0 |a zmluvy medzinárodné 
610 2 0 |a rezidenti 
610 2 0 |a daňovníci 
610 2 0 |a príjmy 
610 2 0 |a oceňovanie transferové 
100 1 |a Lénártová, Gizela 
700 1 |a Fetisovová, Elena 
700 1 |a Dopiriak, Rastislav 
710 2 |a Ekonomická univerzita v Bratislave. Fakulta podnikového manažmentu